[Event "Padova Del Santo op 1st"]
[Site "Padova"]
[Date "2014.02.14"]
[Round "1"]
[White "Caldonazzo, Matteo"]
[Black "Zamengo, Fulvio"]
[Result "0-1"]
[WhiteElo "1940"]
[BlackElo "2149"]
[PlyCount "162"]
[EventDate "2014.02.14"]
[EventType "swiss"]
[EventRounds "5"]
[EventCountry "ITA"]
[SourceTitle "EXT 2022"]
[Source "ChessBase"]
[SourceDate "2021.10.06"]
[SourceVersion "1"]
[SourceVersionDate "2021.10.06"]
[SourceQuality "1"]

1. Nf3 g6 2. d4 Bg7 3. e4 c6 4. Bd3 d6 5. 0-0 Bg4 6. c3 Nd7 7. Be3 Ngf6 8. Nbd2 0-0 9. h3 Bxf3 10. Nxf3 e5 11. Qc2 Re8 12. Rfe1 Qc7 13. Rad1 Rad8 14. Bg5 a6 15. b4 h6 16. Be3 d5 17. dxe5 dxe4 18. exf6 exd3 19. Rxd3 Nxf6 20. Rxd8 Rxd8 21. Bd4 Nd5 22. Bxg7 Kxg7 23. c4 Nf6 24. Rd1 Re8 25. Qd3 Re4 26. Nd2 Re6 27. Nf3 c5 28. a3 Re4 29. Re1 Rxe1+ 30. Nxe1 Qe5 31. Nc2 Ne4 32. Qe3 Qf5 33. bxc5 Nxc5 34. Qd4+ Kh7 35. Ne3 Qg5 36. Nd5 Ne6 37. Qf6 Qxf6 38. Nxf6+ Kg7 39. Ne8+ Kf8 40. Nd6 Nc5 41. Kf1 Ke7 42. Nc8+ Ke6 43. Ke2 Na4 44. c5 Kd7 45. Nd6 f6 46. Nxb7 Kc6 47. Nd8+ Kxc5 48. Kd3 Kd5 49. Nf7 h5 50. Nh8 g5 51. Kc2 Nc5 52. Nf7 Ke6 53. Nd8+ Kd7 54. Nf7 Ke7 55. Nh6 Ke6 56. f3 Ke5 57. g3 Kd4 58. Nf5+ Ke5 59. Ne3 f5 60. Ng2 Kd4 61. h4 Ne6 62. Kd2 gxh4 63. Nxh4 f4 64. gxf4 Nxf4 65. Nf5+ Ke5 66. Ng3 h4 67. Nf1 Nd5 68. Kd3 Kf4 69. Kd4 Nf6 70. Kc5 Kxf3 71. Kb6 Ke2 72. Nh2 Kf2 73. Kxa6 Kg2 74. Kb6 Kxh2 75. a4 Kg3 76. a5 h3 77. a6 h2 78. Kc7 h1Q 79. Kb8 Qc6 80. Ka7 Nd5 81. Kb8 Qc7+ 0-1

[Event "Mirandola Giovanni Pico op 4th"]
[Site "Mirandola"]
[Date "2011.01.16"]
[Round "5"]
[White "Caldonazzo, Matteo"]
[Black "Vincenzi, Marco"]
[Result "0-1"]
[WhiteElo "1914"]
[BlackElo "2091"]
[PlyCount "92"]
[EventDate "2011.01.14"]
[EventType "swiss"]
[EventRounds "5"]
[EventCountry "ITA"]
[SourceTitle "EXT 2012"]
[Source "ChessBase"]
[SourceDate "2011.11.24"]
[SourceVersion "1"]
[SourceVersionDate "2011.11.24"]
[SourceQuality "1"]

1. Nf3 Nf6 2. d4 c5 3. e3 g6 4. Nbd2 Bg7 5. Bd3 0-0 6. 0-0 d6 7. b3 cxd4 8. exd4 Nd5 9. c4 Nf4 10. Bc2 Bg4 11. Bb2 Nc6 12. h3 Bxh3 13. gxh3 Qd7 14. Rb1 Qxh3 15. Ne1 Bxd4 16. Be4 Bxb2 17. Rxb2 Ne5 18. Bg2 Nxg2 19. Nxg2 Ng4 20. Nf3 e5 21. Qxd6 Qxf3 22. Qd5 Qh3 23. Rd1 Rad8 24. Qxd8 Rxd8 25. Rxd8+ Kg7 26. Ne1 Qh2+ 27. Kf1 Qh3+ 28. Kg1 e4 29. Rdd2 Ne5 30. Rd5 f6 31. Rxe5 fxe5 32. Re2 Qg4+ 33. Kf1 h5 34. b4 h4 35. Re3 Kf6 36. c5 Ke6 37. f3 exf3 38. Nxf3 Qc4+ 39. Kg1 Qg4+ 40. Kf2 Qg3+ 41. Kf1 Kd5 42. Rxe5+ Qxe5 43. Nxe5 Kxe5 44. Kg2 a5 45. c6 bxc6 46. bxa5 Kd6 0-1

[Event "Mirandola Giovanni Pico op 4th"]
[Site "Mirandola"]
[Date "2011.01.16"]
[Round "4"]
[White "Cullen, Anthony P"]
[Black "Caldonazzo, Matteo"]
[Result "0-1"]
[WhiteElo "2128"]
[BlackElo "1914"]
[PlyCount "58"]
[EventDate "2011.01.14"]
[EventType "swiss"]
[EventRounds "5"]
[EventCountry "ITA"]
[SourceTitle "EXT 2012"]
[Source "ChessBase"]
[SourceDate "2011.11.24"]
[SourceVersion "1"]
[SourceVersionDate "2011.11.24"]
[SourceQuality "1"]

1. e4 e6 2. d4 d5 3. Nd2 dxe4 4. Nxe4 Be7 5. Nf3 Nf6 6. Bd3 0-0 7. 0-0 Nbd7 8. Qe2 c5 9. dxc5 Nxc5 10. Nxc5 Bxc5 11. Bg5 Be7 12. Rad1 Qc7 13. c4 Bd7 14. Ne5 Rad8 15. f4 Rfe8 16. Kh1 g6 17. Qf2 Bc6 18. Qh4 Nh5 19. Ng4 Rd7 20. Be2 Kg7 21. Bxe7 Rexe7 22. Rxd7 Rxd7 23. Ne5 Rd2 24. Bxh5 Bxg2+ 25. Kg1 Bxf1 26. Kxf1 f6 27. Qe1 Qd6 28. c5 Qd4 29. Nf3 Qd3+ 0-1

[Event "Venice Autumn op 16th"]
[Site "Venice"]
[Date "2010.10.30"]
[Round "1.11"]
[White "Xia, Jie"]
[Black "Caldonazzo, Matteo"]
[Result "1-0"]
[WhiteElo "2184"]
[BlackElo "1910"]
[PlyCount "65"]
[EventDate "2010.10.30"]
[EventType "swiss"]
[EventRounds "5"]
[EventCountry "ITA"]
[SourceTitle "EXT 2011"]
[Source "ChessBase"]
[SourceDate "2010.11.26"]
[SourceVersion "1"]
[SourceVersionDate "2010.11.26"]
[SourceQuality "1"]

1. e4 e6 2. d3 d5 3. Nd2 Nf6 4. Ngf3 Be7 5. g3 c5 6. Bg2 0-0 7. 0-0 b6 8. Re1 Bb7 9. c3 Qc7 10. e5 Nfd7 11. Nf1 Nc6 12. Bf4 Rac8 13. h4 d4 14. c4 a6 15. h5 b5 16. h6 g5 17. Nxg5 Bxg5 18. Qg4 Kh8 19. Qxg5 Rg8 20. Qh5 Nb4 21. Rad1 Bxg2 22. Kxg2 bxc4 23. dxc4 Qb7+ 24. Kg1 Nc2 25. Re2 d3 26. Rxd3 Nd4 27. Ree3 Nc2 28. Qxf7 Nxe3 29. Bxe3 Rcd8 30. Rxd7 Rxd7 31. Qf6+ Rgg7 32. hxg7+ Rxg7 33. Bh6 1-0

[Event "Rivarolo Mantovano Weekend 5th"]
[Site "Rivarolo Mantovano"]
[Date "2007.10.14"]
[Round "4"]
[White "Caldonazzo, Matteo"]
[Black "Trangoni, Bruno"]
[Result "0-1"]
[WhiteElo "1389"]
[BlackElo "1983"]
[PlyCount "112"]
[EventDate "2007.10.12"]
[EventType "swiss"]
[EventRounds "5"]
[EventCountry "ITA"]
[SourceTitle "EXT 2010"]
[Source "ChessBase"]
[SourceDate "2010.11.25"]
[SourceVersion "1"]
[SourceVersionDate "2010.11.25"]
[SourceQuality "1"]

1. e4 g6 2. d4 Bg7 3. Nf3 d6 4. Nc3 a6 5. Be2 b5 6. a3 Bb7 7. Qd3 Nd7 8. Bf4 c5 9. 0-0 Ngf6 10. d5 c4 11. Qd2 0-0 12. Bh6 Nc5 13. Bxg7 Kxg7 14. Qf4 Qd7 15. Nd2 e6 16. dxe6 fxe6 17. Qe3 Rac8 18. f3 d5 19. Qd4 e5 20. Qxe5 d4 21. Nd5 Bxd5 22. exd5 Rfe8 23. Qxd4 Rxe2 24. Rfe1 Qxd5 25. Qxd5 Rxe1+ 26. Rxe1 Nxd5 27. Ne4 Nxe4 28. fxe4 Re8 29. Kf2 Nf6 30. Kf3 h5 31. e5 Ng4 32. Kf4 Nxh2 33. Ke4 Ng4 34. Kd5 Kf7 35. Kd6 Re6+ 36. Kd5 Ke7 37. Kd4 g5 38. Kd5 h4 39. Re4 Nh6 40. Kd4 g4 41. Re1 Nf7 42. Rh1 Rh6 43. Ke4 h3 44. gxh3 Rxh3 45. Rd1 g3 46. Rg1 Ke6 47. Kf4 Nh6 48. Rxg3 Rxg3 49. Kxg3 Kxe5 50. Kf3 Nf5 51. c3 Nd6 52. Ke3 Nb7 53. Kd2 Nc5 54. Kc2 Ke4 55. Kc1 Kd3 56. Kd1 Nb3 0-1

[Event "Rivarolo Mantovano Weekend 5th"]
[Site "Rivarolo Mantovano"]
[Date "2007.10.12"]
[Round "1"]
[White "Zuccaro, Guido"]
[Black "Caldonazzo, Matteo"]
[Result "1/2-1/2"]
[WhiteElo "1836"]
[BlackElo "1389"]
[PlyCount "90"]
[EventDate "2007.10.12"]
[EventType "swiss"]
[EventRounds "5"]
[EventCountry "ITA"]
[SourceTitle "EXT 2010"]
[Source "ChessBase"]
[SourceDate "2010.11.25"]
[SourceVersion "1"]
[SourceVersionDate "2010.11.25"]
[SourceQuality "1"]

1. c4 c5 2. Nc3 g6 3. g3 Bg7 4. Bg2 Nf6 5. d3 d6 6. Nf3 0-0 7. 0-0 Nc6 8. Bf4 Bg4 9. h3 Bxf3 10. Bxf3 Qd7 11. Bg2 a6 12. Qd2 Rab8 13. Bh6 b5 14. Bxg7 Kxg7 15. b3 e6 16. cxb5 axb5 17. a4 Nd4 18. Rfb1 bxa4 19. bxa4 Nb3 20. Qd1 Nxa1 21. Rxa1 d5 22. e4 Ra8 23. exd5 Nxd5 24. Ne4 Qc7 25. Qc1 Ra5 26. Nd2 Rfa8 27. d4 Rxa4 28. Rxa4 Rxa4 29. dxc5 Ra6 30. Qc4 Rc6 31. Nb3 Qe5 32. Qb5 Rc7 33. c6 Qe1+ 34. Bf1 Qc3 35. Na5 Nb4 36. Bg2 Nd3 37. Qb6 Qe1+ 38. Kh2 Qxf2 39. Qxc7 Ne1 40. Qe5+ f6 41. Qe4 f5 42. Qe5+ Kf7 43. Qc7+ Kf6 44. Qd8+ Kf7 45. Qd7+ Kf6 1/2-1/2